| 000 | 00343nam a2200145Ia 4500 | ||
|---|---|---|---|
| 005 | 20251222144703.0 | ||
| 008 | 251222s9999||||xx |||||||||||||| ||spa|| | ||
| 020 | _a9972-42-781-1 | ||
| 082 | _a339/M42 | ||
| 100 | _aMendoza Bellido, Waldo | ||
| 245 | 0 | _aMacroeconomÃa: | |
| 250 | _a1a.ed. | ||
| 264 | _bFondo Editorial PUCP | ||
| 942 | _cLIB | ||
| 999 |
_c17511 _d17511 |
||